Rozwój strukturalny przemyslu elementy teorii i programowania
Salvato in:
| Autore principale: | |
|---|---|
| Natura: | Libro |
| Lingua: | polacco |
| Pubblicazione: |
Warszawa
Szkola Glówna planowania i statystyki
1984
|
| Serie: | Monografie i opracowania
150 |
| Tags: |
Nessun Tag, puoi essere il primo ad aggiungerne!!
|
MARC
| LEADER | 00000nam a2200000 4500 | ||
|---|---|---|---|
| 001 | c114278 | ||
| 005 | 20150303151326.1 | ||
| 041 | 0 | |a pol | |
| 044 | |a PL | ||
| 245 | 1 | 0 | |a Rozwój strukturalny przemyslu |b elementy teorii i programowania |c Ryszard Gajecki |
| 264 | 1 | |a Warszawa |b Szkola Glówna planowania i statystyki |c 1984 | |
| 300 | |a 234 s. | ||
| 490 | 1 | |a Monografie i opracowania |v 150 | |
| 830 | 0 | |a Monografie i opracowania |v 150 | |
| 100 | 1 | |a Gajecki, Ryszard | |